Welcome to CU Library Online Public Access Catalogue (OPAC)

Economic analysis of farm programs / (Record no. 6691)

MARC details
000 -LEADER
fixed length control field 00929pam a2200229 a 4500
001 - CONTROL NUMBER
control field 4836230
005 - DATE AND TIME OF LATEST TRANSACTION
control field 20250625183636.0
008 - FIXED-LENGTH DATA ELEMENTS--GENERAL INFORMATION
fixed length control field 900910s1991 nyua b 001 0 eng
020 ## - INTERNATIONAL STANDARD BOOK NUMBER
International Standard Book Number 0079099459 (set) :
Terms of availability $39.95
050 00 - LIBRARY OF CONGRESS CALL NUMBER
Classification number HD1761
Item number .H475 1991
082 00 - DEWEY DECIMAL CLASSIFICATION NUMBER
Classification number 338.1/873
Edition information 20
100 1# - MAIN ENTRY--PERSONAL NAME
Personal name Helmberger, Peter G.
245 10 - TITLE STATEMENT
Title Economic analysis of farm programs /
Statement of responsibility, etc. Peter G. Helmberger.
260 ## - PUBLICATION, DISTRIBUTION, ETC.
Place of publication, distribution, etc. New York :
Name of publisher, distributor, etc. McGraw-Hill,
Date of publication, distribution, etc. c1991.
300 ## - PHYSICAL DESCRIPTION
Extent xvi, 300 p. :
Other physical details ill. ;
Dimensions 25 cm. +
Accompanying material 1 computer disk (5 1/4 in.)
500 ## - GENERAL NOTE
General note System requirements for computer disk (AGSEC): IBM PC or fully compatible computer; 256K RAM; any version of DOS; 130K disk space.
650 #0 - SUBJECT ADDED ENTRY--TOPICAL TERM
Topical term or geographic name entry element Agriculture and state
Geographic subdivision United States.
650 #0 - SUBJECT ADDED ENTRY--TOPICAL TERM
Topical term or geographic name entry element Agricultural subsidies
Geographic subdivision United States.
650 #0 - SUBJECT ADDED ENTRY--TOPICAL TERM
Topical term or geographic name entry element Agriculture
General subdivision Economic aspects
Geographic subdivision United States.
650 #0 - SUBJECT ADDED ENTRY--TOPICAL TERM
Topical term or geographic name entry element Agriculture
General subdivision Economic aspects
Geographic subdivision United States
General subdivision Mathematical models.
942 ## - ADDED ENTRY ELEMENTS (KOHA)
Source of classification or shelving scheme Library of Congress Classification
Koha item type Books
Suppress in OPAC No
999 ## -
-- 6691
-- 6691
Holdings
Withdrawn status Lost status Source of classification or shelving scheme Damaged status Not for loan Collection Home library Current library Shelving location Date acquired Total checkouts Full call number Barcode Date last seen Copy number Price effective from Koha item type
    Library of Congress Classification     Non-fiction Graduate Library (Christ Temple) Graduate Library (Christ Temple) General stacks 06/25/2025   HD 1761 HEL GSCT00001664 06/25/2025 1 06/25/2025 Books
© 2023-2024 Copyright: Central University Libraries. All Rights Reserved | Created by: Mahone Tech Office